|
|
|
|
| LEADER |
01780nam a2200361 a 4500 |
| 001 |
001135096 |
| 003 |
CZ BrMZK |
| 005 |
20110221155148.0 |
| 007 |
ta |
| 008 |
110113s2009 au f 100 0 ger |
| 020 |
|
|
|a 978-3-7069-0544-2
|q (váz.)
|
| 035 |
|
|
|a (OCoLC)319495974
|
| 040 |
|
|
|a BOA001
|b cze
|
| 072 |
|
7 |
|a 821.112.2.09
|x Německá literatura, německy psaná (o ní)
|2 Konspekt
|9 11
|
| 080 |
|
|
|a 821.112.2(436)
|2 MRF
|
| 080 |
|
|
|a 821.112.2(436)(091)
|2 MRF
|
| 080 |
|
|
|a [82:081]-021.61
|2 MRF
|
| 080 |
|
|
|a (062.534)
|2 MRF
|
| 111 |
2 |
|
|a Hauptwerke der österreichischen Literatur aus der Sicht der internationalen Literaturwissenschaft (konference)
|d (2008 :
|c Vídeň, Rakousko)
|7 pna2010540678
|
| 245 |
1 |
0 |
|a Unter Kanonverdacht :
|b Beispielhaftes zur österreichischen Literatur im 20. Jahrhundert : Beiträge zur Jahrestagung der ehemaligen Werfel-StipendiatInnen unter dem Titel "Hauptwerke der österreichischen Literatur aus der Sicht der internationalen Literaturwissenschaft" am 28.-29.3.2008 in Wien /
|c Arnulf Knafl & Wendelin Schmidt-Dengler (Herausgeber)
|
| 260 |
|
|
|a Wien :
|b Praesens,
|c c2009
|
| 300 |
|
|
|a 154 s. ;
|c 22 cm
|
| 504 |
|
|
|a Obsahuje bibliografie a bibliografické odkazy
|
| 650 |
0 |
7 |
|a rakouská literatura
|7 ph125011
|y 20. stol.
|2 czenas
|
| 650 |
0 |
7 |
|a dějiny rakouské literatury
|7 ph517028
|y 20. stol.
|2 czenas
|
| 650 |
0 |
7 |
|a literární kánon
|7 ph388304
|2 czenas
|
| 655 |
|
7 |
|a sborníky konferencí
|7 fd133333
|2 czenas
|
| 700 |
1 |
|
|a Knafl, Arnulf,
|d 1961-
|7 mzk2007411167
|4 edt
|
| 700 |
1 |
|
|a Schmidt-Dengler, Wendelin,
|d 1942-2008
|7 jn20000703289
|4 edt
|
| 910 |
2 |
|
|a BOA001
|b RK-0005.639
|
| 990 |
|
|
|a BK
|
| 991 |
|
|
|b 201102
|c NOV
|e n
|x 33
|
| 996 |
7 |
|
|b 261A006802
|c RK-0005.639
|l Rakouská knihovna/2.patro
|r ZHR
|n 2
|p dar
|h LW
|w 001164725
|u 000010
|a 0
|e BOA001
|j MZK50
|s A
|